000 01518cam a22004454i 4500
003 PE-LiUPU
005 20250731173510.0
008 150616s1995 cau r 000 0 eng d
035 _a(Sirsi) a7326
040 _aPE-LiUPU
_bspa
_cPE-LiUPU
_erda
049 _aPRUA
082 0 4 _a286.7
_bC82
_221
111 2 _aCouncil on Religious Freedom Officers and Directors
245 1 2 _aA Call to Consecration, Commitment and Communication.
264 1 _aThousand Oaks, CA. :
_bCRF Press,
_c1995.
300 _a92 páginas ;
_c20 centímetros
336 _atext
_2rdacontent
337 _aunmediated
_2rdamedia
338 _avolume
_2rdacarrier
505 0 _aSynopsis -- Eschatological Environment -- Scripture and Spirit of Prophecy -- Appendix -- Church.
526 _aSEG42
526 _aSEG41
526 _aSEG40
526 _aSEG39
526 _aP94
526 _aP87
526 _aP86
526 _aP85
526 _aP77
526 _aP76
526 _aP35
650 0 4 _aIASD - ORIENTACION PROFETICA.
910 _ajck
_bjvq
_cjck
942 _2ddc
_cBOOK
949 _a286.7 C82
_wDEWEY
_c1
_i40769
_lCCODEBUL1
_mBUL
_p30.00
_r0
_sY
_tBOOK
_u19960305
_xTEOLOGIA
_zUNKNOWN
_0COMPRA
_o.STAFF. Colección Teología
994 _aC0
_bPEPRU
596 _a1
999 _a286.7 C82
_wDEWEY
_c58557
_i40769
_f2021-11-11
_g6
_lCCODEBUL1
_mBUL
_p30.00
_r0
_sY
_tBOOK
_u2015-6-16
_xTEOLOGIA
_PP35
_0COMPRA
_o.STAFF. Colección Teología
_d58557
980 _81
_gALBERTO SANCHEZ Responsable de Automatización